[Event "Porto op"]
[Site "Porto"]
[Date "2015.07.18"]
[Round "8"]
[White "Patil, Pratik"]
[Black "Khaidorov, Viacheslav"]
[Result "1/2-1/2"]
[WhiteElo "2181"]
[BlackElo "2268"]
[PlyCount "42"]
[EventDate "2015.07.13"]
[EventType "swiss"]
[EventRounds "9"]
[EventCountry "POR"]
[SourceTitle "CBM 167 Extra"]
[Source "ChessBase"]
[SourceDate "2015.09.14"]
[SourceVersion "1"]
[SourceVersionDate "2015.09.14"]
[SourceQuality "1"]

1. e4 e6 2. d4 d5 3. Nd2 Nf6 4. e5 Nfd7 5. Bd3 c5 6. c3 Nc6 7. Ne2 cxd4 8. cxd4 f6 9. exf6 Nxf6 10. 0-0 Bd6 11. Nf3 Qc7 12. Bd2 0-0 13. Rc1 a6 14. Ng3 g6 15. Re1 Ng4 16. Bc3 Qg7 17. a3 Bd7 18. Rc2 Qh6 19. Bd2 Qg7 20. Bc3 Qh6 21. Bd2 Qg7 1/2-1/2

[Event "Tarragona Calbet Memorial"]
[Site "Tarragona"]
[Date "2013.06.01"]
[Round "8"]
[White "Khaidorov, Viacheslav"]
[Black "Fernandez Soriano, Ruben"]
[Result "1-0"]
[WhiteElo "2281"]
[BlackElo "2120"]
[PlyCount "71"]
[EventDate "2013.04.13"]
[EventType "swiss"]
[EventRounds "8"]
[EventCountry "ESP"]
[SourceTitle "EXT 2014"]
[Source "ChessBase"]
[SourceDate "2013.11.20"]
[SourceVersion "1"]
[SourceVersionDate "2013.11.20"]
[SourceQuality "1"]

1. d4 d5 2. c4 Nc6 3. Nf3 Bg4 4. cxd5 Bxf3 5. gxf3 Qxd5 6. e3 e5 7. Nc3 Bb4 8. Bd2 Bxc3 9. bxc3 Nf6 10. Be2 0-0 11. 0-0 Rfe8 12. Rb1 exd4 13. cxd4 Rad8 14. Bc3 Qxa2 15. Rxb7 Nd5 16. Ba1 Rb8 17. Rxb8 Rxb8 18. Bd3 Qa3 19. Be4 Nce7 20. Qc2 g6 21. Bd3 Qb3 22. Qd2 Qb4 23. Qc1 Qd6 24. Re1 Qf6 25. Qd1 Rb6 26. Bf1 Qh4 27. e4 Nf4 28. d5 f6 29. Qa4 Kf7 30. Qd7 h5 31. Bd4 Rd6 32. Qxc7 Qg5+ 33. Kh1 Ra6 34. d6 Ra4 35. Qxe7+ Kg8 36. Bxf6 1-0

[Event "Tarragona Calbet Memorial"]
[Site "Tarragona"]
[Date "2013.05.25"]
[Round "7"]
[White "Luke Brezmes, Cristofer"]
[Black "Khaidorov, Viacheslav"]
[Result "0-1"]
[WhiteElo "2079"]
[BlackElo "2281"]
[PlyCount "54"]
[EventDate "2013.04.13"]
[EventType "swiss"]
[EventRounds "8"]
[EventCountry "ESP"]
[SourceTitle "EXT 2014"]
[Source "ChessBase"]
[SourceDate "2013.11.20"]
[SourceVersion "1"]
[SourceVersionDate "2013.11.20"]
[SourceQuality "1"]

1. e4 e5 2. Nf3 Nc6 3. Bb5 a6 4. Ba4 Nf6 5. 0-0 b5 6. Bb3 Bb7 7. d4 Nxd4 8. Nxd4 exd4 9. e5 Ne4 10. c3 d3 11. Qxd3 Nc5 12. Qg3 Nxb3 13. axb3 Qe7 14. Na3 Qe6 15. b4 0-0-0 16. Be3 h5 17. h4 f6 18. f4 Qf5 19. Rac1 Rh6 20. Qe1 Rg6 21. Rf2 Qh3 22. Qe2 Bxg2 23. Rxg2 Rxg2+ 24. Qxg2 Qxe3+ 25. Kh2 Qxf4+ 26. Kh3 Qe3+ 27. Kh2 c6 0-1

[Event "Tarragona Calbet Memorial"]
[Site "Tarragona"]
[Date "2013.05.18"]
[Round "6"]
[White "Khaidorov, Viacheslav"]
[Black "Panella Navarro, Sergi"]
[Result "1/2-1/2"]
[WhiteElo "2281"]
[BlackElo "2160"]
[PlyCount "106"]
[EventDate "2013.04.13"]
[EventType "swiss"]
[EventRounds "8"]
[EventCountry "ESP"]
[SourceTitle "EXT 2014"]
[Source "ChessBase"]
[SourceDate "2013.11.20"]
[SourceVersion "1"]
[SourceVersionDate "2013.11.20"]
[SourceQuality "1"]

1. d4 Nf6 2. c4 g6 3. Nc3 Bg7 4. Nf3 0-0 5. e4 d6 6. h3 e5 7. d5 c6 8. Be3 cxd5 9. cxd5 Qa5 10. Nd2 Nbd7 11. Nc4 Qd8 12. Nxd6 Ne8 13. Nxe8 Rxe8 14. Be2 f5 15. Rc1 Nf6 16. Nb5 f4 17. Bd2 Nxe4 18. Nc7 Nxf2 19. Kxf2 e4 20. Kf1 f3 21. gxf3 Qh4 22. Kg2 Bd4 23. Be1 Qg5+ 24. Bg3 Be5 25. Qe1 Bxc7 26. Rxc7 exf3+ 27. Kxf3 Re3+ 28. Kg2 Bf5 29. Bf3 Rxe1 30. Rxe1 Rf8 31. h4 Qd2+ 32. Re2 Qd3 33. Rc3 Qb5 34. d6 Bd7 35. Rb3 Qf5 36. Re7 Qh3+ 37. Kf2 Bc6 38. Rbe3 Qf5 39. Be5 Qc2+ 40. Kg3 Rxf3+ 41. Rxf3 Bxf3 42. Kxf3 Qd3+ 43. Kg2 Qe2+ 44. Kh3 Qf3+ 45. Bg3 Kf8 46. Re1 Qf5+ 47. Kh2 Qc2+ 48. Kh1 Qc6+ 49. Kg1 Qc5+ 50. Kf1 Qf5+ 51. Kg2 Qc2+ 52. Kf1 Qf5+ 53. Kg1 Qc5+ 1/2-1/2

[Event "Catalunya-chT"]
[Site "Catalunya"]
[Date "2012.03.17"]
[Round "8.3"]
[White "Pomes Marcet, Juan"]
[Black "Khaidorov, Viacheslav"]
[Result "1-0"]
[WhiteElo "2347"]
[BlackElo "2284"]
[PlyCount "49"]
[EventDate "2012.01.28"]
[EventType "team-tourn"]
[EventRounds "11"]
[EventCountry "ESP"]
[SourceTitle "EXT 2013"]
[Source "ChessBase"]
[SourceDate "2012.11.22"]
[SourceVersion "1"]
[SourceVersionDate "2012.11.22"]
[SourceQuality "1"]
[WhiteTeam "Terrassa"]
[BlackTeam "Tarragona"]
[WhiteTeamCountry "ESP"]
[BlackTeamCountry "ESP"]

1. d4 d5 2. c4 c6 3. Nf3 Nf6 4. Nc3 dxc4 5. a4 Bg4 6. Ne5 Nbd7 7. Nxg4 Nxg4 8. e4 e5 9. Qxg4 exd4 10. Bd2 Nf6 11. Qf5 dxc3 12. Bxc3 Be7 13. Bxc4 0-0 14. Rd1 Qc7 15. Rd3 Rad8 16. Rg3 Qd7 17. Qf3 g6 18. 0-0 Ne8 19. Qf4 b5 20. axb5 cxb5 21. Bd5 b4 22. Bd4 Bd6 23. Rxg6+ hxg6 24. Qh6 Bxh2+ 25. Kh1 1-0

[Event "Catalunya-chT"]
[Site "Catalunya"]
[Date "2012.02.25"]
[Round "5.3"]
[White "Khaidorov, Viacheslav"]
[Black "Alonso Garcia, Rene Marcial"]
[Result "1/2-1/2"]
[WhiteElo "2284"]
[BlackElo "2360"]
[PlyCount "61"]
[EventDate "2012.01.28"]
[EventType "team-tourn"]
[EventRounds "11"]
[EventCountry "ESP"]
[SourceTitle "EXT 2013"]
[Source "ChessBase"]
[SourceDate "2012.11.22"]
[SourceVersion "1"]
[SourceVersionDate "2012.11.22"]
[SourceQuality "1"]
[WhiteTeam "Tarragona"]
[BlackTeam "Figueres"]
[WhiteTeamCountry "ESP"]
[BlackTeamCountry "ESP"]

1. d4 Nf6 2. Nf3 e6 3. Bf4 c5 4. e3 Qb6 5. Nbd2 d5 6. Rb1 Nc6 7. c3 Nh5 8. Bg5 h6 9. Bh4 g5 10. Ne5 Nxe5 11. Qxh5 Ng6 12. Bg3 cxd4 13. exd4 e5 14. Bxe5 Nxe5 15. Qe2 Bg7 16. dxe5 0-0 17. Qb5 Qc7 18. Nf3 Bf5 19. Rd1 a6 20. Qb3 Bxe5 21. Be2 Rfe8 22. h3 Bg7 23. Rd2 Be6 24. Nd4 Qf4 25. Qd1 Be5 26. Kf1 Bc7 27. g3 Qf6 28. Kg2 Rad8 29. Bf3 Kh8 30. Qc2 Bb6 31. Qd3 1/2-1/2

[Event "Catalunya-chT"]
[Site "Catalunya"]
[Date "2012.01.28"]
[Round "1.4"]
[White "Gual Pascual, Antonio"]
[Black "Khaidorov, Viacheslav"]
[Result "1-0"]
[WhiteElo "2437"]
[BlackElo "2284"]
[PlyCount "71"]
[EventDate "2012.01.28"]
[EventType "team-tourn"]
[EventRounds "11"]
[EventCountry "ESP"]
[SourceTitle "EXT 2013"]
[Source "ChessBase"]
[SourceDate "2012.11.22"]
[SourceVersion "1"]
[SourceVersionDate "2012.11.22"]
[SourceQuality "1"]
[WhiteTeam "Barcelona Escola Escacs"]
[BlackTeam "Tarragona"]
[WhiteTeamCountry "ESP"]
[BlackTeamCountry "ESP"]

1. d4 d6 2. e4 g6 3. c4 Bg7 4. Nc3 Nc6 5. d5 Ne5 6. f4 Nd7 7. Bd3 Ngf6 8. Nf3 0-0 9. 0-0 e6 10. dxe6 fxe6 11. Bc2 a6 12. Ng5 Qe7 13. a4 b6 14. Qf3 Bb7 15. Qh3 Rae8 16. Be3 h6 17. Nf3 e5 18. Nh4 Qf7 19. f5 g5 20. Ng6 Qxc4 21. Nxf8 Bxf8 22. Qf3 Nc5 23. Bxc5 Qxc5+ 24. Kh1 c6 25. Rad1 d5 26. exd5 cxd5 27. Bb3 Rd8 28. Qe2 Bd6 29. Ne4 Nxe4 30. Qxe4 Bb8 31. f6 Kh8 32. Qg6 Qf8 33. Bc2 Rd7 34. f7 e4 35. Bxe4 dxe4 36. Rxd7 1-0

[Event "Torredembarra op 13th"]
[Site "Torredembarra"]
[Date "2011.07.08"]
[Round "7"]
[White "Oratovsky, Michael"]
[Black "Khaidorov, Viacheslav"]
[Result "1/2-1/2"]
[WhiteElo "2521"]
[BlackElo "2244"]
[PlyCount "69"]
[EventDate "2011.07.02"]
[EventType "swiss"]
[EventRounds "9"]
[EventCountry "ESP"]
[SourceTitle "EXT 2012"]
[Source "ChessBase"]
[SourceDate "2011.11.24"]
[SourceVersion "1"]
[SourceVersionDate "2011.11.24"]
[SourceQuality "1"]

1. e4 c6 2. d4 d5 3. Nd2 dxe4 4. Nxe4 Bf5 5. Ng3 Bg6 6. Nh3 e6 7. Nf4 Bd6 8. c3 Nf6 9. h4 Bxf4 10. Bxf4 h6 11. h5 Bh7 12. Qb3 Qb6 13. Qa3 Nbd7 14. Bd6 Rc8 15. b4 a6 16. Be2 Qd8 17. c4 Nb6 18. c5 Nbd5 19. 0-0 Ne7 20. Rfe1 0-0 21. Qb3 Qd7 22. a4 Rfd8 23. b5 axb5 24. axb5 Ne8 25. Be5 Nd5 26. Ra7 Ra8 27. bxc6 Qxc6 28. Rxa8 Rxa8 29. Bb5 Qc8 30. Bxe8 Qxe8 31. Qxb7 Bd3 32. Ne4 Bxe4 33. Rxe4 f6 34. Rg4 Ra1+ 35. Kh2 1/2-1/2

[Event "Torredembarra op 13th"]
[Site "Torredembarra"]
[Date "2011.07.06"]
[Round "5"]
[White "Khaidorov, Viacheslav"]
[Black "Colovic, Aleksandar"]
[Result "1/2-1/2"]
[WhiteElo "2244"]
[BlackElo "2450"]
[PlyCount "196"]
[EventDate "2011.07.02"]
[EventType "swiss"]
[EventRounds "9"]
[EventCountry "ESP"]
[SourceTitle "EXT 2012"]
[Source "ChessBase"]
[SourceDate "2011.11.24"]
[SourceVersion "1"]
[SourceVersionDate "2011.11.24"]
[SourceQuality "1"]

1. d4 d5 2. c4 e6 3. Nc3 c5 4. cxd5 exd5 5. Nf3 Nc6 6. g3 Nf6 7. Bg2 Be7 8. 0-0 0-0 9. Bg5 c4 10. Ne5 Be6 11. Nxc4 dxc4 12. Bxf6 Bxf6 13. d5 Qb6 14. Na4 Qa5 15. dxc6 bxc6 16. Bxc6 Rac8 17. Bf3 Rfd8 18. Qc2 Rd2 19. e4 Bf5 20. Qc1 Bh3 21. Bg2 Bxg2 22. Kxg2 Bg5 23. Nc3 Rxf2+ 24. Rxf2 Bxc1 25. Rxc1 Rd8 26. Rcc2 g6 27. a3 Qe5 28. Rce2 Rd4 29. Kg1 Kg7 30. Kg2 a6 31. Kg1 h5 32. Rf4 Rd3 33. Ref2 f6 34. Kg2 Qd4 35. R4f3 Kf7 36. Rf4 Ke6 37. Nd5 Rd2 38. Rxf6+ Ke5 39. Rxd2 Qxd2+ 40. Rf2 Qe1 41. Nc3 Qe3 42. h4 Qe1 43. Re2 Qc1 44. Rf2 Qe3 45. Re2 Qd3 46. Rf2 Qd8 47. Rf1 Qd2+ 48. Rf2 Qc1 49. Re2 g5 50. hxg5 Qxg5 51. Rf2 Qc1 52. Rf5+ Ke6 53. Rf2 Qg5 54. Kh2 Qg4 55. Rf4 Qg7 56. Rf2 Qh8 57. Kg2 Ke5 58. Rf5+ Ke6 59. Rf2 Qg7 60. Kh2 Ke5 61. Rd2 Qh6 62. Rf2 Kd4 63. Kg2 Qg7 64. Rd2+ Ke3 65. Rd5 Qb7 66. Nd1+ Kxe4 67. Nc3+ Ke3 68. Nd1+ Ke2 69. Nc3+ Ke1 70. Kf3 Kf1 71. Ke3 Kg2 72. Kd4 Qg7+ 73. Kxc4 Kxg3 74. Rd3+ Kg4 75. Rd4+ Kf5 76. b4 Qc7+ 77. Kb3 Qg3 78. Rd5+ Kg6 79. Ra5 Qd3 80. Rd5 Qf1 81. Rd6+ Kf7 82. a4 h4 83. b5 axb5 84. axb5 Ke7 85. Rd4 Qf2 86. Rd3 Qf7+ 87. Kb4 Qh7 88. Rh3 Kd6 89. Kc4 Qf7+ 90. Kb4 Qf4+ 91. Ka5 Kd7 92. Rd3+ Kc8 93. Nd5 Qe5 94. Nb6+ Kb7 95. Rd7+ Kb8 96. Rd8+ Kc7 97. Rd7+ Kb8 98. Rd8+ Kc7 1/2-1/2

[Event "Torredembarra op 13th"]
[Site "Torredembarra"]
[Date "2011.07.04"]
[Round "3"]
[White "Khaidorov, Viacheslav"]
[Black "Oms Pallisse, Josep"]
[Result "1/2-1/2"]
[WhiteElo "2244"]
[BlackElo "2489"]
[PlyCount "39"]
[EventDate "2011.07.02"]
[EventType "swiss"]
[EventRounds "9"]
[EventCountry "ESP"]
[SourceTitle "EXT 2012"]
[Source "ChessBase"]
[SourceDate "2011.11.24"]
[SourceVersion "1"]
[SourceVersionDate "2011.11.24"]
[SourceQuality "1"]

1. d4 Nf6 2. c4 e6 3. Nc3 Bb4 4. e3 b6 5. Bd3 Bb7 6. Nge2 Bxg2 7. Rg1 Be4 8. a3 Bxc3+ 9. Nxc3 Bg6 10. e4 d6 11. Bg5 h6 12. Bh4 e5 13. f4 exf4 14. Nd5 Nbd7 15. e5 dxe5 16. Bxg6 fxg6 17. Rxg6 0-0 18. Qc2 Qe8 19. Nxc7 Qf7 20. Nxa8 1/2-1/2

[Event "Hospitalet op"]
[Site "Hospitalet"]
[Date "2009.01.04"]
[Round "8"]
[White "Perpinya Rofes, Lluis Maria"]
[Black "Khaidorov, Viacheslav"]
[Result "0-1"]
[WhiteElo "2380"]
[BlackElo "2232"]
[PlyCount "64"]
[EventDate "2008.12.27"]
[EventType "swiss"]
[EventRounds "9"]
[EventCountry "ESP"]
[SourceTitle "CBM 128 Extra"]
[Source "ChessBase"]
[SourceDate "2009.03.05"]
[SourceVersion "2"]
[SourceVersionDate "2009.03.25"]
[SourceQuality "1"]

1. e4 Nf6 2. e5 Nd5 3. d4 d6 4. Nf3 dxe5 5. Nxe5 c6 6. Bc4 Nd7 7. Nxd7 Bxd7 8. 0-0 g6 9. Re1 Bg7 10. Bg5 Be6 11. c3 0-0 12. Nd2 Re8 13. Qf3 Qd7 14. h3 Nc7 15. Bf1 Bd5 16. Qg3 Ne6 17. Be3 b5 18. Rac1 Rac8 19. c4 bxc4 20. Nxc4 c5 21. dxc5 Nxc5 22. Red1 Red8 23. Ne5 Qa4 24. b4 Qxb4 25. Rd4 Qb8 26. Bf4 Ne6 27. Nxg6 hxg6 28. Bxb8 Rxc1 29. Bf4 Rxf1+ 30. Kxf1 Nxd4 31. Qg4 Be6 32. Qh4 Nf5 0-1

[Event "Hospitalet op"]
[Site "Hospitalet"]
[Date "2009.01.03"]
[Round "7"]
[White "Khaidorov, Viacheslav"]
[Black "Sanz Bastos, Fernando"]
[Result "1-0"]
[WhiteElo "2232"]
[BlackElo "2056"]
[PlyCount "47"]
[EventDate "2008.12.27"]
[EventType "swiss"]
[EventRounds "9"]
[EventCountry "ESP"]
[SourceTitle "CBM 128 Extra"]
[Source "ChessBase"]
[SourceDate "2009.03.05"]
[SourceVersion "2"]
[SourceVersionDate "2009.03.25"]
[SourceQuality "1"]

1. e4 e5 2. Nf3 Nc6 3. Bb5 a6 4. Ba4 d6 5. Bxc6+ bxc6 6. d4 exd4 7. Qxd4 c5 8. Qd3 Bb7 9. Nc3 Nf6 10. 0-0 Be7 11. Bf4 0-0 12. Rad1 Nh5 13. Bc1 c6 14. Rfe1 Qc8 15. e5 d5 16. h3 a5 17. g4 Ba6 18. Qd2 h6 19. Kg2 g5 20. gxh5 g4 21. Qxh6 gxf3+ 22. Kh2 f6 23. Qg6+ Kh8 24. Rg1 1-0

[Event "Tarragona Province-chA"]
[Site "Tarragona"]
[Date "2008.05.10"]
[Round "4"]
[White "Luke Brezmes, Cristofer"]
[Black "Khaidorov, Viacheslav"]
[Result "0-1"]
[WhiteElo "2000"]
[BlackElo "2154"]
[PlyCount "38"]
[EventDate "2008.04.19"]
[EventType "swiss"]
[EventRounds "8"]
[EventCountry "ESP"]
[SourceTitle "EXT 2019"]
[Source "ChessBase"]
[SourceDate "2018.10.10"]
[SourceVersion "1"]
[SourceVersionDate "2018.10.10"]
[SourceQuality "1"]

1. e4 e5 2. Nf3 Nc6 3. c3 Nf6 4. d4 Nxe4 5. d5 Ne7 6. Nxe5 Ng6 7. Nxg6 hxg6 8. Be3 Bc5 9. Bxc5 Nxc5 10. d6 Qf6 11. Qe2+ Qe6 12. Qxe6+ dxe6 13. dxc7 Kd7 14. Na3 a6 15. Nc4 Kxc7 16. f3 Bd7 17. 0-0-0 f6 18. Kc2 Rad8 19. b4 Ba4+ 0-1

[Event "Catalunya-ch U20"]
[Site "Catalunya"]
[Date "2008.03.23"]
[Round "7"]
[White "Khaidorov, Viacheslav"]
[Black "Mestre Bellido, Hector"]
[Result "1-0"]
[WhiteElo "2154"]
[BlackElo "2298"]
[PlyCount "67"]
[EventDate "2008.03.19"]
[EventType "swiss"]
[EventRounds "9"]
[EventCountry "ESP"]
[SourceTitle "EXT 2010"]
[Source "ChessBase"]
[SourceDate "2010.11.25"]
[SourceVersion "1"]
[SourceVersionDate "2010.11.25"]
[SourceQuality "1"]

1. d4 d5 2. c4 c6 3. Nf3 Nf6 4. Nc3 dxc4 5. a4 Bf5 6. e3 e6 7. Bxc4 Bb4 8. 0-0 0-0 9. Qe2 Bg6 10. Ne5 Nbd7 11. Nxg6 hxg6 12. Na2 Be7 13. Rd1 Qc7 14. e4 e5 15. d5 Nc5 16. Nc3 a5 17. Bg5 Nxd5 18. Nxd5 cxd5 19. Bxe7 Qxe7 20. Bxd5 Qc7 21. Ra3 Rfd8 22. Rh3 Qd7 23. Rc1 Rac8 24. Rf1 Nxa4 25. Qf3 Rc7 26. Qg3 Nb6 27. Qh4 Kf8 28. Ba2 Rc6 29. Qh8+ Ke7 30. Qxg7 Rf6 31. Rf3 Rxf3 32. gxf3 Qd4 33. Qxf7+ Kd6 34. Rc1 1-0

[Event "Catalunya-ch U20"]
[Site "Catalunya"]
[Date "2008.03.20"]
[Round "2"]
[White "Bardera Gil, Sergi"]
[Black "Khaidorov, Viacheslav"]
[Result "0-1"]
[WhiteElo "2048"]
[BlackElo "2154"]
[PlyCount "98"]
[EventDate "2008.03.19"]
[EventType "swiss"]
[EventRounds "9"]
[EventCountry "ESP"]
[SourceTitle "EXT 2010"]
[Source "ChessBase"]
[SourceDate "2010.11.25"]
[SourceVersion "1"]
[SourceVersionDate "2010.11.25"]
[SourceQuality "1"]

1. e4 e5 2. Nf3 Nc6 3. Bc4 Nf6 4. d3 Be7 5. c3 0-0 6. Nbd2 d6 7. Bb3 Na5 8. Bc2 c5 9. Nf1 a6 10. Ng3 Re8 11. 0-0 Qc7 12. h3 b5 13. Nh2 d5 14. f4 exf4 15. Bxf4 Bd6 16. Bxd6 Qxd6 17. Qf3 Ra7 18. Ng4 Nxg4 19. hxg4 d4 20. Nf5 Bxf5 21. Qxf5 Nc6 22. Rf3 Ne5 23. Rh3 Qg6 24. Rc1 Qxf5 25. gxf5 Rd8 26. Kf2 Rad7 27. cxd4 Rxd4 28. Rd1 h6 29. Ke2 f6 30. Rg3 Kf8 31. Re3 R8d7 32. Rg3 Ke8 33. a4 Kf7 34. b3 bxa4 35. bxa4 Rb7 36. Rb1 Rxb1 37. Bxb1 Rxa4 38. Bc2 Rb4 39. Kd2 Nc6 40. Kc3 Nd4 41. Rh3 a5 42. Rh1 a4 43. Ra1 a3 44. Bd1 Ke7 45. Ra2 Kd6 46. g3 Ke5 47. Bc2 Nb5+ 48. Kd2 Rb2 49. Ra1 Nd4 0-1

[Event "Catalunya-ch U20"]
[Site "Salou"]
[Date "2005.03.27"]
[Round "7"]
[White "Farran Martos, Francesco Xavier"]
[Black "Khaidorov, Viacheslav"]
[Result "1/2-1/2"]
[WhiteElo "2125"]
[BlackElo "2053"]
[PlyCount "86"]
[EventDate "2005.03.22"]
[EventType "swiss"]
[EventRounds "8"]
[EventCountry "ESP"]
[SourceTitle "EXT 2019"]
[Source "ChessBase"]
[SourceDate "2018.10.10"]
[SourceVersion "1"]
[SourceVersionDate "2018.10.10"]
[SourceQuality "1"]

1. e4 c5 2. Nf3 Nc6 3. d4 cxd4 4. Nxd4 Nf6 5. Nc3 e5 6. Ndb5 d6 7. Bg5 a6 8. Bxf6 gxf6 9. Na3 b5 10. Nd5 f5 11. Bd3 Be6 12. c4 Qa5+ 13. Kf1 Bxd5 14. cxd5 fxe4 15. dxc6 exd3 16. Qxd3 Rc8 17. Rc1 Rc7 18. h4 Qb6 19. Qd5 Rg8 20. Rh3 Rg4 21. Rd3 Rxh4 22. Kg1 Rf4 23. Rd2 Be7 24. g3 Rg4 25. Rd3 h5 26. Rf3 Bf8 27. Kg2 h4 28. Nb1 hxg3 29. fxg3 Rd4 30. Qb3 d5 31. Qe3 Bd6 32. Rf6 Rxc6 33. Nc3 b4 34. Na4 Qc7 35. Rxd6 Qxd6 36. Rxc6 Qxc6 37. Qxe5+ Kf8 38. Qh8+ Ke7 39. Qxd4 Qxa4 40. Qxd5 Qc2+ 41. Kf3 Qxb2 42. Qb7+ Kf8 43. Qxa6 Qa3+ 1/2-1/2

[Event "Catalunya-ch U20"]
[Site "Salou"]
[Date "2005.03.25"]
[Round "5"]
[White "Mayo Casademont, Andreu"]
[Black "Khaidorov, Viacheslav"]
[Result "0-1"]
[WhiteElo "1852"]
[BlackElo "2053"]
[PlyCount "98"]
[EventDate "2005.03.22"]
[EventType "swiss"]
[EventRounds "8"]
[EventCountry "ESP"]
[SourceTitle "EXT 2019"]
[Source "ChessBase"]
[SourceDate "2018.10.10"]
[SourceVersion "1"]
[SourceVersionDate "2018.10.10"]
[SourceQuality "1"]

1. e4 c5 2. d3 Nc6 3. g3 d5 4. Nd2 Nf6 5. Bg2 e5 6. Ne2 g6 7. f4 exf4 8. Nxf4 Bg4 9. Ne2 Nd4 10. Bf1 dxe4 11. c3 exd3 12. cxd4 dxe2 13. Bxe2 Bxe2 14. Qxe2+ Qe7 15. dxc5 Qxe2+ 16. Kxe2 Bxc5 17. Nb3 Be7 18. Bg5 0-0 19. Rhe1 Rfe8 20. Kf3 Nd5 21. Bxe7 Nxe7 22. Rad1 Nc6 23. Rxe8+ Rxe8 24. Kf2 Kg7 25. Rd7 Re7 26. Rxe7 Nxe7 27. Nc5 b6 28. Nd7 Nc6 29. Ke3 f5 30. a3 Kf7 31. Kf4 Ke7 32. Ne5 Nxe5 33. Kxe5 Kf7 34. a4 a5 35. h3 Ke7 36. h4 Kf7 37. Kd5 Kf6 38. Kc6 h6 39. Kxb6 g5 40. hxg5+ hxg5 41. Kxa5 f4 42. gxf4 gxf4 43. b4 f3 44. b5 f2 45. b6 f1Q 46. b7 Qf4 47. Kb6 Qb8 48. a5 Ke7 49. a6 Kd6 0-1